[Event "Pfalz op-B 11th"]
[Site "Neustadt an der Weinstrasse"]
[Date "2020.02.24"]
[Round "7"]
[White "Rapp, Meinrad"]
[Black "Seref, Serkan"]
[Result "1/2-1/2"]
[WhiteElo "1647"]
[BlackElo "1809"]
[PlyCount "58"]
[EventDate "2020.02.21"]
[EventType "swiss"]
[EventRounds "7"]
[EventCountry "GER"]
[SourceTitle "CBM 195 Extra"]
[Source "ChessBase"]
[SourceDate "2020.05.31"]
[SourceVersion "1"]
[SourceVersionDate "2020.05.31"]
[SourceQuality "1"]

1. d4 Nf6 2. Bf4 c5 3. d5 d6 4. c4 e5 5. Bg5 Be7 6. Nc3 0-0 7. Bxf6 Bxf6 8. e4 g6 9. Nf3 Bg7 10. Qc2 Na6 11. a3 Nc7 12. Be2 f5 13. Nd2 a6 14. 0-0 f4 15. b4 b6 16. bxc5 bxc5 17. Rab1 Bd7 18. Na4 Rb8 19. Rxb8 Qxb8 20. Rb1 Qa7 21. Nb6 Na8 22. Nxd7 Qxd7 23. Qb3 Nc7 24. Qb7 Rf7 25. h3 h5 26. Qb8+ Ne8 27. Bd1 Kh7 28. Rb6 Nc7 29. Rb7 Bf6 1/2-1/2

[Event "Pfalz op-B 11th"]
[Site "Neustadt an der Weinstrasse"]
[Date "2020.02.23"]
[Round "5"]
[White "Rapp, Meinrad"]
[Black "Bardorz, Christoph"]
[Result "1/2-1/2"]
[WhiteElo "1647"]
[BlackElo "1773"]
[PlyCount "42"]
[EventDate "2020.02.21"]
[EventType "swiss"]
[EventRounds "7"]
[EventCountry "GER"]
[SourceTitle "CBM 195 Extra"]
[Source "ChessBase"]
[SourceDate "2020.05.31"]
[SourceVersion "1"]
[SourceVersionDate "2020.05.31"]
[SourceQuality "1"]

1. d4 Nf6 2. Bf4 d5 3. e3 c5 4. c3 Nc6 5. Nd2 cxd4 6. exd4 Bf5 7. Ngf3 e6 8. Ne5 Bd6 9. Ndf3 0-0 10. Bd3 Bxd3 11. Qxd3 Ne4 12. Nxc6 bxc6 13. Bxd6 Qxd6 14. 0-0 c5 15. Nd2 Nxd2 16. Qxd2 Qb6 17. dxc5 Qxc5 18. Rfd1 Rfb8 19. Rac1 Qb6 20. b3 Rc8 21. Qd4 Qxd4 1/2-1/2

[Event "Pfalz op-B 11th"]
[Site "Neustadt an der Weinstrasse"]
[Date "2020.02.23"]
[Round "4"]
[White "Shahisavandi, Abdollah"]
[Black "Rapp, Meinrad"]
[Result "0-1"]
[WhiteElo "1763"]
[BlackElo "1647"]
[PlyCount "66"]
[EventDate "2020.02.21"]
[EventType "swiss"]
[EventRounds "7"]
[EventCountry "GER"]
[SourceTitle "CBM 195 Extra"]
[Source "ChessBase"]
[SourceDate "2020.05.31"]
[SourceVersion "1"]
[SourceVersionDate "2020.05.31"]
[SourceQuality "1"]

1. e4 c5 2. Nf3 Nc6 3. d4 cxd4 4. Nxd4 e5 5. Nb3 Nf6 6. Nc3 Bb4 7. Bd3 Bxc3+ 8. bxc3 0-0 9. 0-0 d6 10. Bg5 Be6 11. f4 h6 12. Bh4 exf4 13. Qd2 g5 14. Bf2 Ng4 15. Rad1 Nxf2 16. Rxf2 Qe7 17. Qe2 Ne5 18. h3 Rac8 19. Qh5 Kg7 20. Nd4 a6 21. Rdf1 Rxc3 22. g3 Nxd3 23. Rf3 Rc5 24. Rxd3 f5 25. gxf4 fxe4 26. Rg3 Bc8 27. h4 Qf6 28. Nb3 Rf5 29. Nd2 Rxf4 30. Re1 Qd4+ 31. Rge3 Rg4+ 32. Qxg4 Bxg4 33. Nxe4 Rf3 0-1

[Event "Pfalz op-B 11th"]
[Site "Neustadt an der Weinstrasse"]
[Date "2020.02.21"]
[Round "1"]
[White "Rapp, Meinrad"]
[Black "Yeganyan, Artur"]
[Result "0-1"]
[WhiteElo "1647"]
[BlackElo "1840"]
[PlyCount "74"]
[EventDate "2020.02.21"]
[EventType "swiss"]
[EventRounds "7"]
[EventCountry "GER"]
[SourceTitle "CBM 195 Extra"]
[Source "ChessBase"]
[SourceDate "2020.05.31"]
[SourceVersion "1"]
[SourceVersionDate "2020.05.31"]
[SourceQuality "1"]

1. d4 Nf6 2. Bf4 c5 3. d5 e6 4. c4 d6 5. Nc3 exd5 6. cxd5 g6 7. e4 a6 8. a4 Bg7 9. Qd2 0-0 10. Be2 Re8 11. f3 Qc7 12. Bh6 Nbd7 13. Bxg7 Kxg7 14. Nh3 Ne5 15. Nf4 Bd7 16. 0-0 c4 17. g3 b5 18. axb5 axb5 19. Rfc1 Qb6+ 20. Kg2 h6 21. Nd1 g5 22. Nh3 g4 23. Nhf2 gxf3+ 24. Bxf3 b4 25. Be2 Rxa1 26. Rxa1 Rc8 27. Rc1 Qa5 28. Qd4 Qa2 29. Kf1 Qb3 30. Ne3 c3 31. bxc3 Rxc3 32. Rxc3 bxc3 33. Bd1 Qb2 34. Kg2 Kh7 35. h3 Bxh3+ 36. Kxh3 Qxf2 37. Qxc3 Nxe4 0-1

[Event "Pfalz-ch HT3 87th"]
[Site "Landau"]
[Date "2018.03.30"]
[Round "5"]
[White "Bergner, Rainer"]
[Black "Rapp, Meinrad"]
[Result "0-1"]
[WhiteElo "1479"]
[BlackElo "1763"]
[PlyCount "54"]
[EventDate "2018.03.23"]
[EventType "swiss"]
[EventRounds "7"]
[EventCountry "GER"]
[SourceTitle "EXT 2019"]
[Source "ChessBase"]
[SourceDate "2018.10.10"]
[SourceVersion "1"]
[SourceVersionDate "2018.10.10"]
[SourceQuality "1"]

1. d4 Nf6 2. Nf3 b6 3. Bf4 Bb7 4. e3 d6 5. Nbd2 Nbd7 6. c4 Nh5 7. Bg3 Nxg3 8. hxg3 g6 9. Bd3 Bg7 10. Rb1 d5 11. e4 dxe4 12. Bxe4 Bxe4 13. Nxe4 0-0 14. Qd2 e6 15. Nfg5 h6 16. Nf3 Nf6 17. Nxf6+ Qxf6 18. Ne5 Rfd8 19. Nc6 Rd6 20. d5 exd5 21. cxd5 Re8+ 22. Kf1 a5 23. Rd1 Qxb2 24. Qxb2 Bxb2 25. Rxh6 Bc3 26. Rh4 Rxd5 27. Nd4 c5 0-1

[Event "Pfalz-ch HT3 87th"]
[Site "Landau"]
[Date "2018.03.25"]
[Round "4"]
[White "Rapp, Meinrad"]
[Black "Scheiwer, Ulf"]
[Result "1/2-1/2"]
[WhiteElo "1763"]
[BlackElo "1569"]
[PlyCount "59"]
[EventDate "2018.03.23"]
[EventType "swiss"]
[EventRounds "7"]
[EventCountry "GER"]
[SourceTitle "EXT 2019"]
[Source "ChessBase"]
[SourceDate "2018.10.10"]
[SourceVersion "1"]
[SourceVersionDate "2018.10.10"]
[SourceQuality "1"]

1. d4 Nf6 2. Bf4 d6 3. Nf3 Bf5 4. e3 g6 5. Bd3 c6 6. Nc3 Bxd3 7. Qxd3 Nh5 8. Bg5 Nd7 9. e4 Bg7 10. 0-0 0-0 11. Qd2 f6 12. Be3 Bh8 13. g4 Ng7 14. Kh1 Rf7 15. Rg1 Qc7 16. h4 e5 17. d5 Nb6 18. Bxb6 axb6 19. a3 Kf8 20. Rad1 Rd8 21. Qh6 Kg8 22. Rd2 Ne8 23. Kh2 Bg7 24. Qe3 b5 25. Qe2 h6 26. Nd1 Kh7 27. Ne3 Bf8 28. c4 bxc4 29. Qxc4 c5 30. a4 1/2-1/2

[Event "Pfalz-ch HT3 87th"]
[Site "Landau"]
[Date "2018.03.24"]
[Round "2"]
[White "Zwick, Jonas"]
[Black "Rapp, Meinrad"]
[Result "1/2-1/2"]
[WhiteElo "2030"]
[BlackElo "1763"]
[PlyCount "115"]
[EventDate "2018.03.23"]
[EventType "swiss"]
[EventRounds "7"]
[EventCountry "GER"]
[SourceTitle "EXT 2019"]
[Source "ChessBase"]
[SourceDate "2018.10.10"]
[SourceVersion "1"]
[SourceVersionDate "2018.10.10"]
[SourceQuality "1"]

1. c4 e5 2. Nc3 Nc6 3. g3 g6 4. Bg2 Bg7 5. e4 Nge7 6. Nge2 d6 7. d3 0-0 8. 0-0 Bg4 9. Be3 Nd4 10. f3 Be6 11. Bf2 Nxe2+ 12. Nxe2 Nc6 13. Rb1 a5 14. Qd2 Qd7 15. Rfc1 b6 16. d4 exd4 17. Nxd4 Nxd4 18. Bxd4 f5 19. f4 Rae8 20. b3 fxe4 21. Bxe4 Bf5 22. Bd5+ Kh8 23. Rb2 Bxd4+ 24. Qxd4+ Qg7 25. Qxg7+ Kxg7 26. a3 Re3 27. Kf2 Rfe8 28. Rd1 Bg4 29. Rdd2 h5 30. Bg2 R8e7 31. h3 Bf5 32. Re2 Rxe2+ 33. Rxe2 Kf6 34. Rxe7 Kxe7 35. Ke3 Bd7 36. Bf1 Kf6 37. Kf3 Bc6+ 38. Ke3 Bd7 39. b4 axb4 40. axb4 g5 41. h4 gxh4 42. gxh4 Be8 43. Be2 Kf5 44. b5 Bf7 45. Kf3 d5 46. Bd3+ Kf6 47. cxd5 Bxd5+ 48. Ke3 c6 49. Be2 cxb5 50. Bxh5 b4 51. Bg4 b3 52. Kd2 b5 53. Kc1 b4 54. h5 Bf7 55. Kb2 Bxh5 56. Bxh5 Kf5 57. Kxb3 Kxf4 58. Kxb4 1/2-1/2